• 首页
  • 本馆介绍
  • 公告通知
  • 最新文献
  • 馆藏检索
  • 电子资源
  • 读者导购
  • 参考咨询
  • 我的图书馆
  • 登录
  • 详细信息显示
  • 放入我的书架
  • 预约/预借图书
  • 作者相关作品
  • 分类相关作品
  • 丛书相关作品
  • 出版社相关作品

书目信息

  • 表格格式
  • 工作单格式
  • 卡片格式
题名:
政治经济学
    
 
作者: 王书相
分册:  
出版信息: 北京   高等教育出版社  1993
页数: 310
开本: 20cm
丛书名:
单 册:
中图分类: F0
科图分类:
主题词: 政治经济学
电子资源:
ISBN: 7-04-004717-9
000 00579nam0 2200205 450
001 0734081268
005 20071007092801.28
010    @a7-04-004717-9
100    @a20071007d km y0chiy0120 ea
101 0  @achi
200 1  @a政治经济学@Azheng zhi jing ji xue@e社会主义部分@f王书相等@Fwang shu xiang deng
205    @a第二版
210    @a北京@c高等教育出版社@d1993
215    @a310@d20cm
517 1  @a社会主义部分@Ashe hui zhu yi bu fen
606 0  @a政治经济学
690    @aF0@v3
701  0 @a王书相@Awang shu xiang
801  0 @aCN@bPFT@c20071007
905    @a213230@dF0@ea255@f1
    
    政治经济学:社会主义部分/王书相等.-第二版.-北京:高等教育出版社,1993
    310;20cm
    
    
    ISBN 7-04-004717-9:
    
●
相关链接 在E读中查询图书 在五车中查询图书 在当当中查询图书 在豆瓣中查询图书


正题名:政治经济学     索取号:F0/a255         预约/预借

序号 登录号 条形码 馆藏地/架位号 状态 备注
1 7509456   275094568   史法系资料室/ [索取号:F0/a255] 在馆    
唐山师范学院图书馆 欢迎您!
大连网信软件有限公司© 版权所有